000 00525nam a2200193 a 4500
001 82381
003 BD-RjUL
005 20231130122054.0
008 231130s2021 ii ||||| |||| 00| 0 eng d
035 _a(BD-RjUL)82381
040 _aBD-RjUL
_beng
_cBD-RjUL
041 _aeng
082 _223
_a630.2515
_bKAA 2021
100 _aKathiresan, G.
_910266
245 _aAgrometeorology :
_bA Simplified Textbook /
_cG. Kathiresan
300 _aix,182 p.;
_c23 cm.
650 _aMeteorology, Agricultural
_99789
942 _2ddc
_cBK
999 _c82381
_d82381